Statistics for Soviet Cities By Former Name

Click here to take the quiz!

General Stats

  • This quiz has been taken 33 times
  • The average score is 9 of 15

Answer Stats

Old NameYear ChangedCurrent Name% Correct
Leningrad1991St. Petersburg
97%
Stalingrad1961Volgograd
87%
Dnepropetrovsk2016Dnipro
77%
Gorky1990Nizhny Novgorod
73%
Alma-Ata1992Almaty
70%
Sverdlovsk1991Yekaterinburg
70%
Frunze1991Bishkek
67%
Kuybyshev1991Samara
60%
Akmolinsk/Tselinogad1998Astana
53%
Stalino1961Donetsk
53%
Stalinabad1961Dushanbe
50%
Kalinin1990Tver
33%
Voroshilovgrad1991Luhansk
30%
Stanislavov1962Ivano-Frankivsk
20%
Voroshilovsk1943Stavropol
17%

Score Distribution

Percentile by Number Answered

Percent of People with Each Score

Your Score History

You have not taken this quiz